• 首页
  • 本馆介绍
  • 公告通知
  • 最新文献
  • 馆藏检索
  • 电子资源
  • 读者导购
  • 参考咨询
  • 我的图书馆
  • 登录
  • 详细信息显示
  • 放入我的书架
  • 预约/预借图书
  • 作者相关作品
  • 分类相关作品
  • 丛书相关作品
  • 出版社相关作品

书目信息

  • 表格格式
  • 工作单格式
  • 卡片格式
题名:
创业管理与实务
    
 
作者: 蒋键 主编
分册:  
出版信息: 上海   上海交通大学出版社  2016
页数: 240页
开本: 26cm
丛书名:
单 册:
中图分类: F272.2
科图分类:
主题词: 企业管理--qi ye guan li--创业--教材
电子资源:
ISBN: 978-7-313-15633-4
000 00832nam0 2200241 450
001 2161436289
005 20210928130734.0
010    @a978-7-313-15633-4@dCNY45.00
100    @a20161103d2016 em y0chiy50 ea
101 0  @achi
102    @aCN@b310000
105    @ay z 000yy
106    @ar
200 1  @a创业管理与实务@Achuang ye guan li yu shi wu@e双色版@f蒋键主编
210    @a上海@c上海交通大学出版社@d2016
215    @a240页@d26cm
300    @a21世纪应用型人才培养“十三五”规划教材
330    @a本书内容分为七个板块,分别有:认识创业活动、认识创业规律、谋划创业、实施创业、管理新创企业、互联网时代的创业模式、大学生创业指南。
606 0  @a企业管理@Aqi ye guan li@x创业@j教材
690    @aF272.2@v5
701  0 @a蒋键@Ajiang jian@f(1976~)@4主编
801  0 @aCN@b百万庄@c20210927
905    @b1302295-98@dF272.2@e1757@f4
    
    创业管理与实务:双色版/蒋键主编.-上海:上海交通大学出版社,2016
    240页;26cm
    21世纪应用型人才培养“十三五”规划教材
    
    ISBN 978-7-313-15633-4:CNY45.00
    本书内容分为七个板块,分别有:认识创业活动、认识创业规律、谋划创业、实施创业、管理新创企业、互联网时代的创业模式、大学生创业指南。
●
相关链接 在E读中查询图书 在五车中查询图书 在当当中查询图书 在豆瓣中查询图书


正题名:创业管理与实务     索取号:F272.2/1757         预约/预借

序号 登录号 条形码 馆藏地/架位号 状态 备注
1 1302295   213022959   第一样本阅览室/ [索取号:F272.2/1757] 在馆    
2 1302296   213022968   第一借阅区/ [索取号:F272.2/1757] 在馆    
3 1302297   213022977   第一借阅区/ [索取号:F272.2/1757] 在馆    
4 1302298   213022986   第一借阅区/ [索取号:F272.2/1757] 在馆    
唐山师范学院图书馆 欢迎您!
大连网信软件有限公司© 版权所有